Capitals Starting with 'A' - Statistics

General Stats
  • This quiz has been taken 409 times
  • The average score is 14 of 16
Answer Stats
Continent Capital % Correct
South America Asunción
93%
Europe Amsterdam
92%
Africa Accra
91%
Europe Andorra la Vella
90%
Asia Ankara
89%
Europe Athens
89%
Africa Abuja
87%
Africa Addis Ababa
86%
Africa Algiers
86%
Asia Astana
85%
Asia Amman
82%
Africa Antananarivo
82%
Oceania Apia
82%
Asia Ashgabat
80%
Asia Abu Dhabi
76%
Africa Asmara
73%
No matching quizzes found
Score Distribution
Percent of People with Each Score
Percentile by Number Answered
Your Score History
You have not taken this quiz